000 00348nam a22001457a 4500
003 OSt
005 20220211134145.0
008 220211b |||||||| |||| 00| 0 eng d
020 _a812241673x
040 _cHU
082 _a627.52
_b1
100 _aAsawa.G.L.
_930287
245 _aIrrigation And Water Resources Engineering
942 _2ddc
_cBOOKS
_n0
999 _c30036
_d30036